Guy Samama (1943-2022) (notice n° 1605675)
[ vue normale ]
| 000 -LEADER | |
|---|---|
| fixed length control field | 01421cam a2200181 4500500 |
| 005 - DATE AND TIME OF LATEST TRANSACTION | |
| control field | 20251228095139.0 |
| 041 ## - LANGUAGE CODE | |
| Language code of text/sound track or separate title | fre |
| 042 ## - AUTHENTICATION CODE | |
| Authentication code | dc |
| 100 10 - MAIN ENTRY--PERSONAL NAME | |
| Personal name | Lévi, Florence |
| Relator term | author |
| 245 00 - TITLE STATEMENT | |
| Title | Guy Samama (1943-2022) |
| 260 ## - PUBLICATION, DISTRIBUTION, ETC. | |
| Date of publication, distribution, etc. | 2022.<br/> |
| 500 ## - GENERAL NOTE | |
| General note | 38 |
| 520 ## - SUMMARY, ETC. | |
| Summary, etc. | Cet article réinterroge la démarche tourmentée d’Antonin Artaud qui établit une relation entre ce qu’il considère comme deux expériences extrêmes : la peste et l’état de l’acteur sur la scène qui se transforme et est susceptible par son acte de contaminer « comme la peste » les spectateurs. |
| 520 ## - SUMMARY, ETC. | |
| Summary, etc. | This article questions the tormented approach developed by Antonin Artaud, who saw a connection between what he considered as being two extreme forms of experience : the plague and the state of the actor on stage. The latter, undergoing a transformation on stage, is liable to infect the audience “just like the plague”. |
| 520 ## - SUMMARY, ETC. | |
| Summary, etc. | Este artigo volta a questionar o inquietante pensamento de Antonin Artaud quando estabelece uma relação entre duas experiências que considera extremas : a peste e a condição do ator no palco sobre o qual ele se transforma e consegue, através dos seus gestos, contaminar, “como a peste”, os espetadores. |
| 786 0# - DATA SOURCE ENTRY | |
| Note | Sigila | 50 | 2 | 2022-12-07 | p. 13-13 | 1286-1715 |
| 856 41 - ELECTRONIC LOCATION AND ACCESS | |
| Uniform Resource Identifier | <a href="https://shs.cairn.info/revue-sigila-2022-2-page-13?lang=fr&redirect-ssocas=7080">https://shs.cairn.info/revue-sigila-2022-2-page-13?lang=fr&redirect-ssocas=7080</a> |
Pas d'exemplaire disponible.




Réseaux sociaux